All-risk insurance (Record no. 74438)

MARC details
000 -LEADER
fixed length control field 01794cab a2200217 4500
001 - CONTROL NUMBER
control field ABS67941
008 - FIXED-LENGTH DATA ELEMENTS--GENERAL INFORMATION
fixed length control field 040623n2004 000 0 eng u
035 ## - SYSTEM CONTROL NUMBER
System control number (Sirsi) u126592
100 ## - MAIN ENTRY--PERSONAL NAME
Personal name Brewer, G.
245 ## - TITLE STATEMENT
Title All-risk insurance
260 ## - PUBLICATION, DISTRIBUTION, ETC.
Date of publication, distribution, etc. 2004
490 ## - SERIES STATEMENT
Series statement Contract Journal
Volume/sequential designation 423(6478) 3 June 2004, 42(1)
520 ## - SUMMARY, ETC.
Summary, etc. Discusses "BP Exploration Operating Co Ltd v Kvaerner Oilfield Products Ltd and another" ([2004] EWHC 999 (Comm); [2004] AII ER (D) 87 (May)), which examined whether a contractor will be protected as an insured party under a construction all-risks policy procured by the operator. The dispute arose out of development works carried out by Kvearner (K) for BP at the North Sea oil fields. When faults were discovered, BP alleged the faults had given rise to physical loss or damage to adjacent equipment. Part of the total claim of more than £13.5m insurance claim was paid under an all-risks policy. The insurer commenced proceedings against K under its subrogation rights. K claimed it should be covered by the same policy as BP. The essential issue to be determined were whether BP, under its contract with K, undertook to procure insurance cover for K which was sufficiently extensive in scope to cover the loss and damage claimed by BP against K. Concludes K was entitled to the benefit of the insurance cover provided by BP's policy and that the subrogated claim made by the insurer would fail, because BP was obliged to provide K with an all-risks policy which was co-extensive with that which was available to BP.
590 ## - LOCAL NOTE (RLIN)
Local note ABS
590 ## - LOCAL NOTE (RLIN)
Local note ABS
650 ## - SUBJECT ADDED ENTRY--TOPICAL TERM
Topical term or geographic name entry element BP EXPLORATION OPERATING CO LTD V KVAERNER OILFIELD PRODUCTS LTD AND ANOTHER
650 ## - SUBJECT ADDED ENTRY--TOPICAL TERM
Topical term or geographic name entry element SUBROGATION
650 ## - SUBJECT ADDED ENTRY--TOPICAL TERM
Topical term or geographic name entry element ALL RISK INSURANCE
690 ## - LOCAL SUBJECT ADDED ENTRY--TOPICAL TERM (OCLC, RLIN)
Topical term or geographic name as entry element INSURANCE-CASE LAW
942 ## - ADDED ENTRY ELEMENTS (KOHA)
Suppress in OPAC 0
Holdings
Withdrawn status Lost status Source of classification or shelving scheme Damaged status Not for loan Home library Current library Shelving location Date acquired Total Checkouts Full call number Barcode Date last seen Copy number Price effective from Koha item type
    Dewey Decimal Classification     London London Journal article 23/06/2004   ABS67941 126592-1001 06/08/2019 1 06/08/2019 Journal article